00731nam a22002177a 4500003000500000005001700005008004100022010001000063011001000073035001000083040000900093100002900102245012500131260008600256300001000342500001100352650003600363650003000399700002100429710006300450CHAP20220329141541.0971013s1987 r 00010 d a70012 a70984 a80538 cCHAP00aCalzadilla Dodd, Donald. aEfecto de dos niveles de suplementación sobre el comportamiento en pastoreo de vacas lecheras en el período lluvioso a[La Habana] :bInstituto Superior de Ciencias Agropecuarias de La Habana,c[1987] a19 p. aD19-4514aGanado lecheroxAlimentación.14aGanado lecheroxPastoreo.0 aVargas, Antonio.0 aInstituto Superior de Ciencias Agropecuarias de la Habana.